[Event "Anogia op 4th"]
[Site "Anogia"]
[Date "2015.07.14"]
[Round "7"]
[White "Azis Azizis, Ektoras"]
[Black "Nikolaidis, Marios Andreas"]
[Result "1-0"]
[WhiteElo "2232"]
[BlackElo "2000"]
[PlyCount "61"]
[EventDate "2015.07.09"]
[EventType "swiss"]
[EventRounds "9"]
[EventCountry "GRE"]
[SourceTitle "CBM 167 Extra"]
[Source "ChessBase"]
[SourceDate "2015.09.14"]
[SourceVersion "1"]
[SourceVersionDate "2015.09.14"]
[SourceQuality "1"]

1. d4 Nf6 2. c4 g6 3. Nc3 Bg7 4. e4 d6 5. Nf3 0-0 6. Be2 e5 7. 0-0 Nc6 8. d5 Ne7 9. Ne1 Nd7 10. Nd3 f5 11. f3 f4 12. Bd2 g5 13. b4 h5 14. h3 Nf6 15. c5 Rf7 16. a4 Bf8 17. cxd6 cxd6 18. a5 b5 19. axb6 Qxb6+ 20. Nf2 g4 21. fxg4 hxg4 22. hxg4 Rg7 23. Ra3 Qd4 24. Bc1 Qb6 25. b5 Qd4 26. Qxd4 exd4 27. Na4 Bxg4 28. Nxg4 Nxe4 29. Rxf4 Rc8 30. Bb2 Nc3 31. Nxc3 1-0

[Event "Anogia op 4th"]
[Site "Anogia"]
[Date "2015.07.11"]
[Round "4"]
[White "Nikolaidis, Marios Andreas"]
[Black "Hristodoulou, Panagiotis"]
[Result "0-1"]
[WhiteElo "2000"]
[BlackElo "2314"]
[PlyCount "70"]
[EventDate "2015.07.09"]
[EventType "swiss"]
[EventRounds "9"]
[EventCountry "GRE"]
[SourceTitle "CBM 167 Extra"]
[Source "ChessBase"]
[SourceDate "2015.09.14"]
[SourceVersion "1"]
[SourceVersionDate "2015.09.14"]
[SourceQuality "1"]

1. e4 e6 2. d4 d5 3. Nc3 Nc6 4. Nf3 Nf6 5. Bd3 Nb4 6. 0-0 Be7 7. Bg5 0-0 8. e5 Nd7 9. Bxe7 Qxe7 10. a3 Nxd3 11. Qxd3 b6 12. Rfe1 a5 13. Nb5 Ba6 14. Qb3 c6 15. Nd6 f6 16. Qe3 c5 17. c3 Rad8 18. b4 fxe5 19. dxe5 Nxe5 20. Nxe5 Qxd6 21. bxc5 bxc5 22. Rad1 d4 23. Qe4 Bb5 24. cxd4 cxd4 25. Rb1 Qd5 26. Qg4 d3 27. Nf3 d2 28. Nxd2 Qxd2 29. Qxe6+ Kh8 30. Qe3 Qxe3 31. Rxe3 Rfe8 32. Rc3 Bd3 33. Rbc1 h6 34. h3 Bf5 35. Rf3 Re5 0-1

[Event "Nikaia op 22nd"]
[Site "Nikaia"]
[Date "2014.09.02"]
[Round "9"]
[White "Nikolaidis, Marios Andreas"]
[Black "Krikos, Georgios"]
[Result "1-0"]
[WhiteElo "1985"]
[BlackElo "1725"]
[PlyCount "109"]
[EventDate "2014.08.26"]
[EventType "swiss"]
[EventRounds "9"]
[EventCountry "GRE"]
[SourceTitle "CBM 162 Extra"]
[Source "ChessBase"]
[SourceDate "2014.10.17"]
[SourceVersion "1"]
[SourceVersionDate "2014.10.17"]
[SourceQuality "1"]

1. e4 c6 2. d4 d5 3. Nc3 dxe4 4. Nxe4 Bf5 5. Ng3 Bg6 6. Nf3 Nd7 7. Bc4 e6 8. Qe2 Ngf6 9. Bg5 Be7 10. 0-0-0 b5 11. Bd3 Bxd3 12. Qxd3 0-0 13. Kb1 Qc7 14. Rhe1 Rfe8 15. Bxf6 Nxf6 16. Ne5 Rad8 17. Qf3 Rd5 18. Ne4 Rc8 19. Ng5 Rf8 20. Qh3 Qd6 21. Ngf3 c5 22. c4 bxc4 23. Nxc4 Qc6 24. Nfe5 Qb5 25. dxc5 Rxc5 26. Qb3 Qa6 27. f4 Rb5 28. Qf3 Rfb8 29. Nc6 Re8 30. Nxe7+ Rxe7 31. Rd8+ Ne8 32. Qa8 Kf8 33. Nd6 Rxb2+ 34. Kxb2 Qb6+ 35. Kc3 Rc7+ 36. Nc4 Qa5+ 37. Kd3 Qf5+ 38. Ke3 Qc5+ 39. Kf3 Qh5+ 40. Kf2 Qh4+ 41. g3 Qxh2+ 42. Kf3 Qh5+ 43. Kg2 f6 44. Rxe8+ Qxe8 45. Qxe8+ Kxe8 46. Rxe6+ Kd7 47. Rd6+ Ke7 48. Rd4 Ke6 49. g4 g6 50. Kf3 h5 51. f5+ Kf7 52. Nd6+ Kg8 53. fxg6 h4 54. Nf5 Rc3+ 55. Kf4 1-0

[Event "Nikaia op 22nd"]
[Site "Nikaia"]
[Date "2014.08.27"]
[Round "2"]
[White "Nikolaidis, Marios Andreas"]
[Black "Ntelis, Polizois"]
[Result "0-1"]
[WhiteElo "1985"]
[BlackElo "1523"]
[PlyCount "66"]
[EventDate "2014.08.26"]
[EventType "swiss"]
[EventRounds "9"]
[EventCountry "GRE"]
[SourceTitle "CBM 162 Extra"]
[Source "ChessBase"]
[SourceDate "2014.10.17"]
[SourceVersion "1"]
[SourceVersionDate "2014.10.17"]
[SourceQuality "1"]

1. e4 e5 2. Nf3 Nc6 3. Bb5 a6 4. Ba4 Nf6 5. 0-0 Be7 6. Re1 b5 7. Bb3 0-0 8. h3 d5 9. exd5 Nxd5 10. Nxe5 Nxe5 11. Rxe5 Bb7 12. d3 Qd7 13. Qg4 Rad8 14. Qxd7 Rxd7 15. Bd2 Bf6 16. f4 Bxe5 17. fxe5 c5 18. c4 Nb4 19. cxb5 axb5 20. Be3 Nxd3 21. e6 Rc7 22. Na3 Ba6 23. exf7+ Kh8 24. Bd5 c4 25. Nc2 Bb7 26. Be6 Bc8 27. Nd4 Re7 28. Bxc8 Rxc8 29. Bg5 Rxf7 30. Nxb5 Rc5 31. Nd6 Rd7 32. Rf1 Kg8 33. Ne4 Re5 0-1

[Event "Nikaia op 21st"]
[Site "Nikaia"]
[Date "2013.08.31"]
[Round "6"]
[White "Nikolaidis, Marios Andreas"]
[Black "Iliopoulos, Andreas"]
[Result "0-1"]
[WhiteElo "1971"]
[BlackElo "1888"]
[PlyCount "129"]
[EventDate "2013.08.26"]
[EventType "swiss"]
[EventRounds "9"]
[EventCountry "GRE"]
[SourceTitle "CBM 156 Extra"]
[Source "ChessBase"]
[SourceDate "2013.10.22"]
[SourceVersion "1"]
[SourceVersionDate "2013.10.22"]
[SourceQuality "1"]

1. e4 c5 2. Nf3 Nc6 3. d4 cxd4 4. Nxd4 Nf6 5. Nc3 e5 6. Ndb5 d6 7. Bg5 a6 8. Na3 b5 9. Nd5 Be7 10. Bxf6 Bxf6 11. c3 Bg5 12. Nc2 Ne7 13. Ncb4 0-0 14. a4 bxa4 15. Nxe7+ Qxe7 16. Rxa4 a5 17. Nd5 Qb7 18. b4 axb4 19. Rxb4 Qa7 20. Bd3 Be6 21. 0-0 Bxd5 22. exd5 g6 23. Qg4 Qe7 24. Rfb1 f5 25. Qe2 Ra7 26. Qb2 e4 27. Bb5 Bf6 28. Bc6 Rf7 29. Rb8+ Kg7 30. Re8 Qc7 31. Qb4 Re7 32. Rxe7+ Qxe7 33. Rd1 Qe5 34. g3 e3 35. Re1 Qxc3 36. Qxc3 exf2+ 37. Kxf2 Bxc3 38. Re2 Be5 39. Kg2 Kf6 40. Rd2 g5 41. Bb5 h5 42. Rf2 Ra3 43. Bd7 f4 44. Be8 h4 45. gxf4 h3+ 46. Kf1 Bxf4 47. Bd7 Ke5 48. Be6 Ra1+ 49. Ke2 Ra2+ 50. Kf1 Rxf2+ 51. Kxf2 Bxh2 52. Ke2 Bf4 53. Bxh3 Kxd5 54. Kf3 Kd4 55. Ke2 d5 56. Bg4 Kc3 57. Bf5 Kd4 58. Kf3 Ke5 59. Bg6 d4 60. Bd3 Be3 61. Kg4 Kd5 62. Kf3 Kc5 63. Bf5 Kc4 64. Ke2 Kc3 65. Bd3 0-1

[Event "Ambelokipi op 132th"]
[Site "Athens"]
[Date "2013.03.30"]
[Round "3"]
[White "Nikolaidis, Marios Andreas"]
[Black "Papamichael, Georgios"]
[Result "1-0"]
[WhiteElo "1976"]
[BlackElo "1847"]
[PlyCount "73"]
[EventDate "2013.03.11"]
[EventType "swiss"]
[EventRounds "7"]
[EventCountry "GRE"]
[SourceTitle "EXT 2024"]
[Source "ChessBase"]
[SourceDate "2023.10.10"]
[SourceVersion "1"]
[SourceVersionDate "2023.10.10"]
[SourceQuality "1"]

1. e4 e6 2. d4 d5 3. Nc3 dxe4 4. Nxe4 Be7 5. Bd3 Nd7 6. Qe2 Ngf6 7. Nf3 Nxe4 8. Bxe4 Nf6 9. Bxb7 Bxb7 10. Qb5+ Qd7 11. Qxb7 0-0 12. 0-0 a5 13. Qb3 a4 14. Qd3 a3 15. b3 c5 16. c4 Rfd8 17. Bd2 Qb7 18. Rfe1 cxd4 19. Ne5 Nd7 20. b4 Nxe5 21. Rxe5 Qc7 22. Ree1 Ra4 23. Rab1 Qb7 24. Rb3 Qa6 25. Re4 Bf6 26. f4 Rc8 27. b5 Qd6 28. b6 Qc5 29. Re1 Rb8 30. Reb1 Rxc4 31. Rxa3 Rc3 32. Rxc3 dxc3+ 33. Be3 Qc6 34. Qc2 Bd8 35. Rb3 Bxb6 36. Bxb6 Rxb6 37. Rxc3 1-0

[Event "Athens Smaok op 11th"]
[Site "Athens"]
[Date "2011.06.07"]
[Round "5"]
[White "Nikolaidis, Marios Andreas"]
[Black "Tepelenis, Nikolaos"]
[Result "0-1"]
[WhiteElo "1998"]
[BlackElo "2172"]
[PlyCount "80"]
[EventDate "2011.05.10"]
[EventType "swiss"]
[EventRounds "7"]
[EventCountry "GRE"]
[SourceTitle "EXT 2024"]
[Source "ChessBase"]
[SourceDate "2023.10.10"]
[SourceVersion "1"]
[SourceVersionDate "2023.10.10"]
[SourceQuality "1"]

1. e4 e6 2. d4 d5 3. Nc3 a6 4. Nf3 Nc6 5. Bd3 Nb4 6. 0-0 Nxd3 7. Qxd3 Nf6 8. Bg5 dxe4 9. Nxe4 Be7 10. Nxf6+ Bxf6 11. Bxf6 Qxf6 12. Qc3 Qd8 13. Rad1 0-0 14. Qb3 b6 15. d5 exd5 16. Rxd5 Qf6 17. Rd3 Bf5 18. Re3 Rfe8 19. Rfe1 Rxe3 20. Qxe3 h6 21. c3 Be6 22. Qe4 Rd8 23. Qa4 a5 24. Qc6 Qf4 25. a3 Bd5 26. Re8+ Kh7 27. Qb5 Rxe8 28. Qxe8 Qc1+ 29. Qe1 Qxb2 30. Nd4 Qxa3 31. Qb1+ g6 32. Nb5 Qb3 33. Qxb3 Bxb3 34. f3 c6 35. Nd4 Bd5 36. Kf2 a4 37. c4 Bxc4 38. Nxc6 a3 39. Nb4 a2 40. Nc2 b5 0-1